[Event "Winter Chess Classic-A 2018"]
[Site "Saint Louis"]
[Date "2018.11.06"]
[Round "2"]
[White "Miroshnichenko, Evgenij"]
[Black "Robson, Ray"]
[Result "1/2-1/2"]
[WhiteElo "2606"]
[BlackElo "2676"]
[Annotator "TA"]
[PlyCount "60"]
[EventDate "2018.11.05"]
[EventType "tourn"]
[EventCountry "USA"]
[SourceTitle "playchess.com"]
[Source "ChessBase"]
[SourceQuality "1"]

{[%evp 22,60,0,0,20,11,11,11,27,0,6,2,8,0,0,0,0,0,0,0,0,0,0,0,0,0,0,0,0,0,0,0,0,0,0,0,0,0,0,-6,-6]} 1. Nf3 {Mekhitarian,K} d5 2. g3 Nf6 3. Bg2 g6 4. c4 c6 5. b3 a5 6. Bb2 Bg7 7. O-O O-O 8. Nc3 Ne4 9. cxd5 cxd5 10. d4 Bf5 11. Ne5 Nxc3 12. Bxc3 {LiveBook: 3 Games} Qd6 $146 {D78: Fianchetto Grünfeld: 6 0-0 c6} ({Predecessor:} 12... Nc6 13. Qd2 a4 14. Nxc6 bxc6 15. b4 Bc8 16. e4 Ba6 17. Rfe1 dxe4 18. Bxe4 Bb5 19. Rac1 e6 20. a3 {1-0 (46) Kramnik,V (2801)-Giri,A (2798) Zuerich 2016 CBM 171 [Mekhitarian,K]}) 13. Qd2 a4 14. e3 Nc6 15. Nxc6 Qxc6 {The position is equal.} 16. Bb4 Qd7 17. Rac1 axb3 18. axb3 Rfc8 19. Rxc8+ Rxc8 20. Rc1 e6 21. Bf1 h5 22. h4 Rxc1 (22... Rc6 {looks sharper.} 23. Rc5 b6 24. Rxc6 Qxc6 25. Bd3 Bg4) 23. Qxc1 Qc6 24. Qxc6 bxc6 $11 {[%mdl 4096] Endgame KBB-KBB} 25. Ba6 Bc2 26. Bb7 Bxb3 27. Bxc6 Bf6 28. Bc5 Bd8 29. Bb4 Bd1 30. f4 Kg7 {Precision: White = 67%, Black = 78%.} 1/2-1/2

[Event "Winter Chess Classic-A 2018"]
[Site "Saint Louis"]
[Date "2018.11.07"]
[Round "3"]
[White "Robson, Ray"]
[Black "Swiercz, Dariusz"]
[Result "0-1"]
[WhiteElo "2676"]
[BlackElo "2636"]
[Annotator "TA"]
[PlyCount "108"]
[EventDate "2018.11.05"]
[EventType "tourn"]
[EventCountry "USA"]
[SourceTitle "playchess.com"]
[Source "ChessBase"]
[SourceQuality "1"]

{[%evp 9,108,6,16,9,22,2,15,0,14,-12,20,11,15,17,12,-13,-8,-9,-9,-11,-10,-12,-24,-14,-20,-47,-27,-59,-14,-25,0,0,0,0,0,0,0,-31,-26,-18,-21,-125,-120,-352,-357,-351,-344,-370,-328,-338,-344,-369,-337,-644,-502,-545,-540,-533,-500,-496,-379,-389,-366,-429,-269,-362,-261,-352,-237,-357,-348,-337,-345,-358,-328,-454,-453,-474,-466,-420,-433,-534,-534,-4710,-4698,-2208,-920,-29980,-29981,-29981,-29981,-29982,-29983,-29984,-29985,-29986,-29987,-29987,-29988,-29988,-29989]} 1. c4 f5 2. b3 e5 3. Bb2 d6 4. d4 e4 (4... Qe7 5. Nc3 Nf6 6. e3 g6 7. h4 Bg7 8. Nf3 e4 9. Ng5 c6 10. Be2 Na6 11. Qd2 f4 12. d5 fxe3 13. fxe3 cxd5 {½-½ (33) Eljanov,P (2713)-Sundararajan,K (2427) Reykjavik 2018}) 5. d5 Nf6 6. e3 {A01: Nimzowitsch-Larsen Opening} Be7 7. Nc3 O-O 8. Nge2 {The position is equal.} Ng4 $146 ({Predecessor:} 8... Nbd7 9. Nf4 Ne5 10. Nb5 g5 11. Nh3 Nfd7 12. b4 Ng6 13. Nd4 {0-1 (43) Prudhvi,K (1707)-Nguyen,T (2132) Philadelphia 2017}) 9. Nd4 Bh4 10. g3 {Hoping for h3.} Bf6 11. Be2 Ne5 12. a3 a5 13. O-O Qe7 14. b4 Na6 15. Qb3 $1 Kh8 16. Rad1 Bd7 17. Kg2 Rab8 18. Rd2 Qf7 19. Rfd1 Rbe8 20. Ne6 Bxe6 21. dxe6 Qxe6 22. Nd5 Nf3 23. Bxf3 exf3+ 24. Kxf3 Bxb2 25. Rxb2 {[#]} (25. Qxb2 $11 {was the only way to keep the balance.} Qe4+ 26. Ke2) 25... f4 $1 $36 {[%mdl 2560] White is under strong pressure.} 26. gxf4 $2 (26. Nxf4 $17 g5 27. Qc3+ Kg8 28. Kg2 gxf4 29. exf4) 26... c6 $19 27. Nc3 {[#]} Rxf4+ $1 {[%mdl 512]} 28. Ke2 (28. Kxf4 {leads to mate.} Rf8+ 29. Kg3 Qg6+ 30. Kh4 Rf5 31. Rd5 Qg5+ 32. Kh3 Rf3#) (28. exf4 Qh3#) 28... Qg4+ 29. Kd3 {[#]} axb4 $1 {[%mdl 512]} 30. axb4 Qf5+ 31. e4 $2 (31. Kd2 Rxf2+ 32. Kc1 Rxe3 33. Rxf2 Qxf2 34. Rxd6) 31... Qh3+ 32. Kc2 Rxf2+ 33. Kb1 Rf3 34. Rc2 Qe6 35. Rcd2 Qe5 36. Kb2 Rf6 37. Qa3 Rh6 ({Not} 37... Rf3 38. Rxd6 h6 39. R6d3 $19) 38. Qa5 {intending Qxe5.} Rxh2 {aiming for ...c5.} 39. Rxh2 (39. Qxe5 {was the only chance.} Rxd2+ 40. Rxd2 dxe5 41. b5) 39... Qxh2+ 40. Kb3 c5 41. Qa2 Qxa2+ 42. Nxa2 cxb4 43. Rxd6 {[%mdl 4096] Endgame KRN-KRN} Nc5+ 44. Kxb4 Nxe4 45. Rd7 g5 {[%cal Bg7g5,Bg5g4,Bg4g3,Bg3g2][%mdl 32]} 46. Nc3 Nxc3 47. Kxc3 {KR-KR} g4 48. Rxb7 g3 {Black mates.} 49. Rb1 g2 50. c5 Rg8 51. Rg1 {[#]} h5 $1 {[%cal Bh7h5,Bh5h4,Bh4h3][%mdl 32]} 52. c6 h4 53. c7 h3 54. Kd3 Rc8 {Precision: White = 42%, Black = 70%.} 0-1

[Event "Winter Chess Classic-A 2018"]
[Site "Saint Louis"]
[Date "2018.11.07"]
[Round "3"]
[White "Xiong, Jeffery"]
[Black "Sasikiran, Krishnan"]
[Result "1/2-1/2"]
[WhiteElo "2675"]
[BlackElo "2671"]
[Annotator "TA"]
[PlyCount "95"]
[EventDate "2018.11.05"]
[EventType "tourn"]
[EventCountry "USA"]
[SourceTitle "playchess.com"]
[Source "ChessBase"]
[SourceQuality "1"]

{[%evp 16,95,37,26,39,22,27,20,27,21,16,30,28,16,25,16,28,22,32,21,38,10,36,32,37,49,48,41,39,27,52,58,98,93,122,96,96,95,91,86,113,112,127,127,136,104,102,95,100,87,161,160,146,110,110,110,110,110,110,110,110,110,110,101,98,0,0,0,0,0,0,0,0,0,0,0,0,0,0,0,0,0]} 1. d4 Nf6 2. c4 g6 3. Nc3 d5 4. Bg5 Ne4 5. Bh4 Bg7 (5... Nxc3 6. bxc3 dxc4 7. e3 Be6 8. Nf3 Bg7 9. Qb1 Qd5 10. Be2 Bf5 11. Qb4 c5 12. Qb5+ Bd7 13. Qxc4 Bc6 14. Qb3 e6 15. c4 Qd7 16. Ne5 Qc7 17. O-O {½-½ (124) Wei,Y (2743)-Svidler,P (2768) Wijk aan Zee 2018}) 6. cxd5 {D80: Grünfeld: Unusual White 4th moves and 4 Bg5} Nxc3 7. bxc3 Qxd5 8. e3 Qa5 9. Qd2 {LiveBook: 4 Games} b6 $146 ({Predecessor:} 9... c5 10. Nf3 Nc6 11. Rb1 a6 12. Bc4 O-O 13. O-O {1-0 (38) Ravi,L (2408)-Ganguly,S (2573) Pune 2006}) 10. Be2 Nd7 11. Bf3 Rb8 12. Ne2 Bb7 13. Bxb7 Rxb7 14. Qd3 e6 15. a4 c6 16. O-O O-O 17. Rfd1 Re8 18. Nc1 Qh5 19. Bg3 e5 20. Nb3 Qg4 21. Rab1 Rc7 22. a5 h6 23. c4 c5 24. h3 Qe6 25. axb6 axb6 26. d5 Qd6 27. Nd2 f5 28. Ra1 Kh7 29. Ra6 Qf8 30. Bh2 Ra8 31. Rda1 Rxa6 32. Rxa6 Qc8 (32... Qb8 $16) 33. Qa3 $1 $18 Rb7 34. Qa4 b5 35. cxb5 {Threatens to win with Nc4.} Nb6 {[#]} 36. Rxb6 $1 Rxb6 37. Nc4 $1 {[%csl LRb6,LRe5]} Rb8 {...Qe8 is the strong threat.} 38. Bxe5 Bxe5 39. Nxe5 $16 {[%mdl 4096] Endgame KQR-KQN} Qb7 {[#]} 40. b6 (40. d6 $1 $16 Qxb5 41. Qa3) 40... Qxd5 $11 {The position is equal.} 41. Nd7 {Hoping for Nf6+.} Ra8 42. Qb5 $1 {aiming for Nf6+.} (42. Nf6+ $2 Kg7 $19) 42... Ra1+ (42... Qd6 $5 43. f4 $8 Qd1+ 44. Kh2 Ra1 45. Nf8+ Kg7 46. Qxc5 Qg1+ 47. Kg3 Qe1+ 48. Kf3 Qf1+ 49. Kg3 Qe1+ 50. Kh2 Qg1+ 51. Kg3 Qe1+ $11) 43. Kh2 {White wants to mate with Nf6+.} Qd6+ 44. f4 Qd1 45. Nf6+ Kg7 {[#] ( -> ...Qg1+)} 46. Nd5 $1 {[%mdl 512] Intending Qd7+ and mate.} Qg1+ (46... Qxd5 47. Qb2+) 47. Kg3 {Qd7+ would kill now.} Qe1+ 48. Kh2 {Precision: White = 66%, Black = 58%.} 1/2-1/2

[Event "Winter Chess Classic-A 2018"]
[Site "Saint Louis"]
[Date "2018.11.07"]
[Round "3"]
[White "Motylev, Alexander"]
[Black "Melkumyan, Hrant"]
[Result "1/2-1/2"]
[WhiteElo "2661"]
[BlackElo "2668"]
[Annotator "TA"]
[PlyCount "93"]
[EventDate "2018.11.05"]
[EventType "tourn"]
[EventCountry "USA"]
[SourceTitle "playchess.com"]
[Source "ChessBase"]
[SourceQuality "1"]

{[%evp 24,93,14,16,25,22,19,19,17,17,20,0,0,0,16,13,12,14,18,12,20,12,18,14,10,18,10,11,10,2,10,10,10,10,12,10,10,11,36,18,41,4,4,4,7,0,0,2,10,6,10,0,14,0,0,0,6,0,7,0,0,0,0,0,0,0,0,0,0,0,0,0]} 1. e4 e5 2. Nf3 Nc6 3. Bb5 Nf6 4. O-O Nxe4 5. Re1 Nd6 6. Nxe5 Be7 7. Bf1 Nxe5 8. Rxe5 O-O 9. Nc3 {[%cal Bb1c3,Bc3d5,Bd5e3,Be3f5,Bf5e7][%mdl 32] C67: Ruy Lopez: Berlin Defence: 4 0-0 Nxe4} Ne8 10. Nd5 Bd6 11. Re1 c6 12. Ne3 Bc7 13. Nf5 {LiveBook: 102 Games} d5 14. Ne7+ Kh8 {[#] Threatens to win with ...Be6.} 15. Nxc8 Rxc8 16. d3 f5 {[#]} 17. g3 $146 Qf6 18. c3 Nd6 19. Qh5 Nf7 20. Be3 Bb6 21. Bxb6 axb6 22. Qe2 Nd6 23. Qe7 Kg8 24. Qxf6 Rxf6 25. c4 dxc4 26. dxc4 Kf8 27. Re3 Rc7 28. Rd1 g6 29. Rb3 Nc8 30. Rd8+ Kg7 31. Rbd3 (31. f3 {seems wilder.} Re6 32. h3 Kf6 33. g4 c5 34. gxf5 gxf5 35. f4) 31... Rf8 32. f4 Rxd8 {The position is equal.} 33. Rxd8 $11 {[%mdl 4096] Endgame KRB-KRN} Kf6 34. Kf2 Ke6 35. Re8+ Ne7 36. Rh8 h5 37. Ra8 Rc8 38. Ra7 Rc7 39. Ke3 Nc8 40. Ra8 Re7 41. Bd3 Kd7+ 42. Kf2 Kc7 43. h4 Rd7 44. Ke3 Re7+ 45. Kd2 Rd7 46. Ke3 Re7+ 47. Kd2 {Precision: White = 79%, Black = 74%.} 1/2-1/2

[Event "Winter Chess Classic-A 2018"]
[Site "Saint Louis"]
[Date "2018.11.07"]
[Round "3"]
[White "Sevian, Samuel"]
[Black "Shimanov, Aleksandr"]
[Result "1/2-1/2"]
[WhiteElo "2641"]
[BlackElo "2620"]
[Annotator "TA"]
[PlyCount "91"]
[EventDate "2018.11.05"]
[EventType "tourn"]
[EventCountry "USA"]
[SourceTitle "playchess.com"]
[Source "ChessBase"]
[SourceQuality "1"]

{[%evp 18,91,22,9,16,19,10,11,14,14,16,15,22,15,22,14,10,8,8,10,9,8,34,38,33,6,12,0,0,0,60,64,44,2,27,21,21,25,26,21,21,23,34,34,22,21,17,10,12,5,36,0,0,0,0,0,0,0,0,0,0,0,0,0,0,0,0,0,0,0,0,0,0,0,0,0]} 1. e4 c6 2. d4 d5 3. Nd2 dxe4 4. Nxe4 Bf5 5. Nc5 Nd7 6. Bd3 {B18: Classical Caro-Kann: 4...Bf5 sidelines} Bxd3 7. Nxd3 e6 8. Nf3 Ngf6 9. O-O Be7 10. c4 {LiveBook: 10 Games} c5 11. b3 $146 ({Predecessor:} 11. Be3 cxd4 12. Bxd4 O-O 13. Qe2 {½-½ (35) Zvjaginsev,V (2656)-Belov,V (2625) Irkutsk 2010}) 11... O-O 12. Bb2 cxd4 13. Bxd4 Qc7 14. Qe2 Rad8 15. Rad1 Nc5 16. Qb2 Nxd3 17. Rxd3 Rd7 18. Rfd1 Rfd8 19. h3 a6 20. Ne5 Rd6 21. Qe2 Nd7 22. Nf3 {[%cal Be5f3,Bf3h4,Bh4f5,Bf5e3,Be3d5][%mdl 32]} (22. b4 {is more complex.} b6 23. Bc3 Nf8 24. b5 Rxd3 25. Rxd3 Rxd3 26. Qxd3 Bf6 27. Nc6) 22... f6 23. Bc3 {[#] Black must now prevent Rxd6.} e5 (23... Nc5 $11 24. Rxd6 Rxd6) 24. Rxd6 $14 Bxd6 25. Nh4 Nc5 26. Nf5 {Threatens to win with Qd2.} Bf8 27. Ne3 Rxd1+ 28. Qxd1 Ne6 29. Nd5 Qc6 30. Qg4 {[#] And now Nxf6+ would win.} Kf7 31. Qh5+ Kg8 32. Qf5 b5 33. Qe4 Qd7 34. Bb4 Bxb4 {The position is equal.} 35. Nxb4 a5 36. Nd5 Nd4 37. Nb6 Qd8 38. c5 Qc7 39. Qd5+ Kf8 40. a3 Qc6 41. Qd8+ Kf7 42. Nc8 Qxc5 43. Qd7+ Kf8 44. Qd8+ Kf7 45. Qd7+ Kf8 46. Qd8+ {Precision: White = 65%, Black = 81%.} 1/2-1/2

[Event "Winter Chess Classic-A 2018"]
[Site "Saint Louis"]
[Date "2018.11.07"]
[Round "3"]
[White "Quesada Perez, Yuniesky"]
[Black "Miroshnichenko, Evgenij"]
[Result "1/2-1/2"]
[WhiteElo "2612"]
[BlackElo "2606"]
[Annotator "TA"]
[PlyCount "80"]
[EventDate "2018.11.05"]
[EventType "tourn"]
[EventCountry "USA"]
[SourceTitle "playchess.com"]
[Source "ChessBase"]
[SourceQuality "1"]

{[%evp 22,80,39,28,44,36,44,40,77,31,31,18,15,13,20,13,17,9,21,19,13,29,25,11,39,8,12,14,30,4,4,6,6,6,2,2,4,5,12,11,10,7,10,0,0,0,0,0,0,0,0,0,0,0,0,0,0,0,0,0,0]} 1. e4 e5 2. Nf3 Nf6 3. Nxe5 d6 4. Nf3 Nxe4 5. d4 d5 6. Bd3 Nc6 7. O-O Be7 8. Nbd2 Nd6 {C42: Petroff Defence: 3 Nxe5 and unusual White 3rd moves} (8... Bf5 9. Re1 Nxd2 10. Qxd2 Bxd3 11. Qxd3 O-O 12. c3 Qd7 13. Re2 a6 14. Bg5 Bd6 15. Rae1 Rfe8 16. Ne5 Nxe5 17. dxe5 Be7 18. Bxe7 Rxe7 19. f4 g6 20. Rd1 {½-½ (42) Li,C (2725)-Bu,X (2718) Ningbo 2018}) 9. c3 Bf5 10. Bxf5 Nxf5 11. Qb3 Rb8 12. Re1 {LiveBook: 4 Games} Qd7 13. Nf1 O-O 14. Bf4 Bd6 $146 ({Predecessor:} 14... Rfe8 15. Rad1 Bd6 16. Qxd5 {0-1 (76) Da Maia,V (2404)-Farias,S (2400) ICCF email 2006}) 15. Bxd6 Qxd6 16. Re2 Rfe8 17. Rae1 Rxe2 18. Rxe2 g6 19. Ne3 Nxe3 20. Rxe3 b6 21. Qb5 a5 22. g3 Kg7 23. Kg2 Rd8 24. h4 h5 25. Qe2 Rd7 {The position is equal.} 26. Ng5 {[%cal Bf3g5,Bg5h3,Bh3f4][%mdl 32]} Re7 27. Qf3 f6 28. Nh3 Rxe3 29. Qxe3 {White wants to play Qe8.} Ne7 30. Nf4 Kf7 31. a4 Qd7 32. b3 c6 33. Qd3 (33. Qe2 {feels hotter.} Qf5 34. f3 Qb1 35. g4 hxg4 36. fxg4 Qxb3 37. h5) 33... Qf5 34. Qxf5 Nxf5 $11 {[%mdl 4096] Endgame KN-KN} 35. Kf3 Ng7 36. b4 Nf5 37. bxa5 bxa5 38. Nd3 Nd6 39. Nc5 Nc4 40. Nb7 Nb6 {Precision: White = 66%, Black = 71%.} 1/2-1/2

[Event "Winter Chess Classic-A 2018"]
[Site "Saint Louis"]
[Date "2018.11.08"]
[Round "4"]
[White "Xiong, Jeffery"]
[Black "Sevian, Samuel"]
[Result "1/2-1/2"]
[WhiteElo "2675"]
[BlackElo "2641"]
[Annotator "TA"]
[PlyCount "127"]
[EventDate "2018.11.05"]
[EventType "tourn"]
[EventCountry "USA"]
[SourceTitle "playchess.com"]
[Source "ChessBase"]
[SourceQuality "1"]

{[%evp 22,127,22,11,24,25,24,21,30,30,29,32,32,34,52,52,56,59,65,0,52,46,44,58,79,40,96,81,67,63,156,149,147,154,161,163,153,75,91,89,74,82,74,83,81,86,82,80,74,71,74,75,85,82,77,78,91,92,60,46,46,8,8,8,8,8,9,9,100,26,18,23,31,40,34,42,40,25,35,22,47,8,8,8,8,8,8,0,7,0,8,8,8,8,8,8,8,4,8,8,8,8,8,8,40,0,0,-8]} 1. e4 e5 2. Nf3 Nc6 3. Bc4 Nf6 4. d3 Bc5 5. c3 d6 6. a4 a6 7. O-O h6 8. Re1 {C54: Giuoco Piano: 4 c3 Nf6, main lines with 5 d4 and 5 d3} O-O 9. h3 Re8 10. Nbd2 Be6 11. Bxe6 Rxe6 12. b4 {LiveBook: 22 Games} Ba7 13. Qc2 Ne7 14. Nf1 Ng6 15. Ng3 c6 {[#]} 16. Rb1 $146 ({Predecessor:} 16. d4) 16... Qc7 17. Bd2 Rc8 18. c4 Nd7 19. Nf5 Ne7 20. Ng3 (20. Nxe7+ $14 Rxe7 21. Nh4) 20... Rg6 (20... Ng6 $11) 21. Be3 Bxe3 22. Rxe3 a5 23. b5 Nc5 (23... Rf6 $14) 24. d4 $1 $16 exd4 25. Nxd4 Nd7 ({Black should play} 25... Rd8 $14) 26. Ndf5 Re8 27. Qc3 cxb5 28. Rxb5 ({Resist} 28. cxb5 $6 Qxc3 29. Rxc3 Nxf5 $16) 28... Nc5 29. Nxg7 (29. Nh5 $142 Nxf5 30. exf5 Rxe3 31. Qxe3) 29... Rxg7 30. Nh5 {[%csl Gh5][%cal Rc3g7]} Rg6 31. Rg3 $1 {[%cal Rg3g6] Rxg6+ would kill now.} Ne6 32. f4 {[%cal Bf2f4,Bf4f5][%mdl 32]} Rxg3 33. Qxg3+ Kf8 {[#]} 34. f5 $1 {[%cal Rf5e6]} Ng5 {[#]} 35. h4 $1 {[%cal Rh4g5]} Qxc4 36. hxg5 Qc1+ 37. Kh2 Qxg5 38. Qxg5 hxg5 {[%mdl 4096] Endgame KRN-KRN} 39. Nf6 Rc8 40. Rxb7 Nc6 $1 41. Nh7+ Kg7 $1 42. Nxg5 Ne5 43. Ne6+ Kf6 44. Nc7 Nd3 (44... Rg8 $11 {remains equal.}) 45. Kg3 (45. Nd5+ $16 Ke5 46. Re7+ (46. Rxf7 Kxe4 47. Ne7 Rc2 $14) 46... Kd4 47. Nf6 (47. Rxf7 Kxe4 48. Ne7 Rc2 $14)) 45... Ke5 $11 46. Nb5 {Threatens to win with Re7+.} Rg8+ 47. Kf3 Ne1+ 48. Ke2 Nxg2 49. Re7+ Kf6 50. Rd7 Ke5 51. Nxd6 (51. Rxf7 $5 {[%cal Rf7e7]} Kxe4 52. Nxd6+ Kd5 53. Nb7 $16) 51... f6 52. Kd3 Nf4+ $1 53. Kc4 Rb8 54. Nb7 {And now Re7+ would win.} Kxe4 55. Nxa5 Rc8+ 56. Kb5 {Black must now prevent Nc6.} Nd5 57. Nb7 Nc3+ 58. Kb4 {Strongly threatening Nd6+.} Nd5+ 59. Kb3 Rc3+ 60. Kb2 {Hoping for Rxd5!} Rc7 61. Nd6+ Ke5 62. Rd8 Nb6 63. Kb3 (63. a5 $5 {[%cal Ra5b6]} Nd7 64. Nc8 $14) 63... Ra7 64. Nb5 {Precision: White = 65%, Black = 58%.} 1/2-1/2

[Event "Winter Chess Classic-A 2018"]
[Site "Saint Louis"]
[Date "2018.11.08"]
[Round "4"]
[White "Sasikiran, Krishnan"]
[Black "Miroshnichenko, Evgenij"]
[Result "1/2-1/2"]
[WhiteElo "2671"]
[BlackElo "2606"]
[Annotator "TA"]
[PlyCount "95"]
[EventDate "2018.11.05"]
[EventType "tourn"]
[EventCountry "USA"]
[SourceTitle "playchess.com"]
[Source "ChessBase"]
[SourceQuality "1"]

{[%evp 21,95,27,34,30,24,34,34,18,19,20,20,28,22,18,12,11,11,11,13,18,16,-6,-8,-6,0,0,0,-2,0,-13,10,13,14,0,10,0,0,0,0,0,0,0,0,0,0,0,0,0,18,18,18,18,18,18,18,18,18,18,18,18,18,18,18,18,18,0,0,0,0,0,0,0,0,0,0,0]} 1. e4 e5 2. Nf3 Nf6 3. Nxe5 d6 4. Nf3 Nxe4 5. Nc3 Nxc3 6. dxc3 Be7 7. Be3 O-O 8. Qd2 {C42: Petroff Defence: 3 Nxe5 and unusual White 3rd moves} Nd7 9. O-O-O Nf6 10. Bd3 c5 11. Rhe1 Be6 {LiveBook: 3 Games} 12. Kb1 $146 ({Predecessor:} 12. Bg5 Qa5 13. a3 Rfe8 14. Bxf6 Bxf6 15. Ng5 Bxg5 16. Qxg5 {½-½ (46) Giri,A (2772)-Motylev,A (2675) Tbilisi 2017}) 12... Qa5 13. c4 Qxd2 14. Bxd2 Rfe8 15. Ng5 Bd7 16. f3 Bc6 17. a3 {The position is equal.} h6 18. Ne4 Nxe4 19. Bxe4 Bxe4 20. Rxe4 Bf8 21. Bf4 g5 {[#] Hoping for ...Rxe4.} 22. Bg3 f5 23. Ree1 Kf7 24. Kc1 Rxe1 25. Rxe1 Re8 26. Rxe8 Kxe8 $11 {[%mdl 4096] Endgame KB-KB} 27. Kd2 Kd7 28. Be1 h5 29. h3 Bg7 30. b3 Ke6 31. Kd3 Bf6 32. a4 Bd8 33. g4 hxg4 34. fxg4 fxg4 35. hxg4 a5 36. Ke4 b6 37. Bc3 Be7 38. Bg7 Bd8 39. Bb2 Be7 40. Bc1 Bd8 41. Be3 Be7 42. Bd2 Bd8 43. c3 Be7 44. b4 Bd8 45. Be1 Be7 46. Bf2 Bf6 47. Be1 Be7 48. b5 {Precision: White = 69%, Black = 76%.} 1/2-1/2

[Event "Winter Chess Classic-A 2018"]
[Site "Saint Louis"]
[Date "2018.11.08"]
[Round "4"]
[White "Melkumyan, Hrant"]
[Black "Robson, Ray"]
[Result "1/2-1/2"]
[WhiteElo "2668"]
[BlackElo "2676"]
[Annotator "TA"]
[PlyCount "190"]
[EventDate "2018.11.05"]
[EventType "tourn"]
[EventCountry "USA"]
[SourceTitle "playchess.com"]
[Source "ChessBase"]
[SourceQuality "1"]

{[%evp 11,190,18,16,0,0,0,0,0,0,-12,0,0,1,0,0,0,-14,-3,16,18,34,13,7,0,14,-1,-3,-7,12,0,15,7,14,11,18,-47,0,0,0,0,11,0,2,12,17,20,22,24,16,0,13,0,63,62,66,59,61,70,44,44,52,37,40,0,37,31,22,0,78,6,70,70,97,46,43,59,60,60,66,66,66,66,70,43,43,43,43,43,77,70,70,70,85,85,85,85,102,102,102,78,78,78,78,78,102,78,158,158,159,78,78,78,78,78,78,10,78,78,78,78,78,78,78,10,78,78,78,78,78,78,78,78,78,78,78,78,78,10,78,10,25,32,78,78,78,78,78,78,78,78,78,78,78,78,78,78,78,78,78,78,78,78,78,78,78,78,78,78,78,78,78,78,78,78,78,0,78,8,8,0,78]} 1. c4 e5 2. Nc3 Nf6 3. Nf3 Nc6 4. e3 Bb4 5. Qc2 Bxc3 6. Qxc3 Qe7 7. d4 {A28: English Opening: Four Knights Variation} Ne4 8. Qd3 exd4 9. Nxd4 O-O 10. Be2 Qb4+ 11. Kf1 Qe7 12. f3 f5 {Hoping for ...Qh4.} 13. Qd1 Nc5 14. Kf2 Qh4+ (14... d6) 15. g3 $146 Qe7 16. Nb5 d6 17. Nc3 Be6 18. Nd5 Qf7 19. b3 a5 20. Nf4 Bd7 21. Bb2 Rfe8 22. Bc3 Ne5 23. Qd4 (23. Qc2 $11) 23... Bc6 24. Rhf1 Ne6 25. Qd1 a4 26. h4 b6 {[%cal Bb7b6,Bb6b5][%mdl 32]} 27. Qd2 Rab8 28. Rac1 axb3 29. axb3 b5 30. Nxe6 Rxe6 31. Rfd1 h6 ({Black should try} 31... b4 $11 32. Bxe5 Rxe5) 32. Bd4 $14 bxc4 33. Bxe5 $1 Rxe5 34. Bxc4 d5 35. Bf1 Bb5 36. Qd4 Re7 37. Bd3 Bxd3 38. Rxd3 Qe6 39. Rdc3 Kh7 (39... f4 $11) 40. b4 (40. Rc6 $16 Qf7 41. b4) 40... Qd6 (40... f4 $11) 41. Rc5 $1 Ra8 42. R1c2 ({Much weaker is} 42. Qxd5 $6 Qxd5 43. Rxd5 Ra2+ 44. Kg1 Rxe3 $11) (42. b5 $16) 42... Ra3 $1 43. Re2 c6 44. b5 cxb5 45. Rxd5 Qc6 46. Rc5 Qe6 47. Qf4 Rf7 48. Rxb5 Ra1 {...Qc6 is the strong threat.} 49. Qe5 Qc4 50. Qxa1 (50. Rc5 {with more complications.} Qa6 51. Rcc2 Rf6 52. Kg2 Ra5 53. Qd4) 50... Qxb5 $16 {[%mdl 4096] Endgame KQR-KQR} 51. Qb2 Rb7 52. Qxb5 Rxb5 {KR-KR} 53. h5 g6 54. hxg6+ Kxg6 55. Rd2 Kg5 56. Kg2 Rb3 57. Re2 $1 Ra3 58. Kh3 h5 {[#]} ({Black should play} 58... Kg6) 59. f4+ $1 Kg6 60. Kg2 (60. e4 $142) 60... Ra1 61. Rb2 Re1 62. Rb6+ Kg7 63. Re6 (63. Rb3 $16) 63... Ra1 (63... Re2+ $1 $11 64. Kf3 Rc2) 64. Rd6 Rb1 65. Rd2 Kg6 66. Kf3 Rf1+ {[#]} 67. Ke2 (67. Rf2 $1 $16 {[%cal Rf2f1]} Rd1 68. Ra2) 67... Rg1 (67... Rh1 $1 $11) 68. Rd8 Kg7 69. Rd5 Kg6 70. Kf2 Ra1 71. Rb5 Rc1 72. Ra5 Rb1 73. Ra6+ Kg7 74. Re6 (74. Ra2 $16) 74... Ra1 (74... Rb2+ $1 $11 {keeps the balance.} 75. Kf3 Rb3) 75. Kg2 (75. Rb6 $16) 75... Re1 76. Re8 Ra1 77. e4 fxe4 78. Rxe4 Kg6 79. Re5 Rb1 80. Kf3 Rb3+ 81. Re3 Rb4 82. Ra3 Rc4 83. Ra6+ Kg7 84. Ra1 Kg6 85. Re1 Ra4 86. Re6+ Kg7 87. Rd6 Ra3+ 88. Kg2 Ra1 89. Rb6 Rc1 90. Rb8 Ra1 91. Rb3 Kg6 92. Kf3 Ra4 93. Re3 Rb4 $1 94. Re8 ({Better is} 94. Re6+ $16 Kg7 95. Rd6) 94... Rb3+ $1 $11 95. Re3 (95. Ke4 $11) 95... Rb4 {Precision: White = 52%, Black = 59%.} 1/2-1/2